000 00631nam a22001937a 4500
003 BD-DhJNU
005 20250717031256.0
008 250717b |||||||| |||| 00| 0 eng d
020 _a984465467X
040 _aBD-DhJNU
_bENG
_cBD-DhJNU
_dBD-DhJNU
082 _223
_a352.0954
100 _aMuhith, Abdul Maal A.
245 _aAn agenda for good governance :
_bfrom lawlessness and corruption to a caring and prosperous democracy /
_cAbul Maal A. Muhith
260 _aDhaka :
_bShahitya Prakash,
_c2007.
300 _axxviii, 455 p. :
_c23 cm.
504 _aincludes index
650 _aPolitics and government
942 _2ddc
_cBK
_n0
999 _c1910
_d1910